| 000 | 00541nam a2200205Ia 4500 | ||
|---|---|---|---|
| 003 | GCL | ||
| 008 | 140319s9999 xx 000 0 eng d | ||
| 040 |
_aGCL / _cGCL |
||
| 082 | 0 | 4 |
_aCC _b746.92 _bH A |
| 100 | 1 | _aHOUSTON, MARY G. | |
| 245 | 1 | 0 |
_aANCIENT EGYPTIAN COSTUME / _cHOUSTON, MARY G. |
| 700 | 1 | _aHORNBLOWER, FLORENCE S. | |
| 260 |
_aالقاهرة : _bDAR AL-FERGIANI |
||
| 300 |
_a41 P. _bILL. ؛ _c20 cm. |
||
| 650 | 0 | 4 | _aCOSTUMES |
| 650 | 0 | 4 | _aANCIENT EGYPT |
| 650 | 0 | 4 | _aHISTORY |
| 650 | 0 | 4 | _aART- EGYPT |
| 942 |
_2ddc _cBK |
||
| 999 |
_c24937 _d24937 |
||